|
|
|
|
| LEADER |
02243nam a2200373 a 4500 |
| 001 |
00025310 |
| 003 |
BD-DhAAL |
| 005 |
20230207130717.0 |
| 008 |
120604t20152012bg 001 1dben d |
| 020 |
|
|
|a 9844150175
|
| 020 |
|
|
|a 98483094881
|
| 040 |
|
|
|a BD-DhAAL
|c BD-DhAAL
|
| 041 |
0 |
|
|a ben
|
| 082 |
0 |
0 |
|a 891.44371
|2 22
|
| 100 |
1 |
|
|a বন্দ্যোপাধ্যায়, মানিক
|
| 245 |
1 |
0 |
|a শ্রেষ্ঠ উপন্যাস মানিক বন্দ্যোপাধ্যায় /
|c সম্পাদনা ও সংকলন নন্দিনী বণিক; হায়াৎ মামুদ; জীবনপঞ্জি ও গ্রন্হপঞ্জি আব্দুল মান্নান সৈয়দ.
|
| 260 |
|
|
|a ঢাকা :
|b অবসর ;
|b বিশ্বসাহিত্য কেন্দ্র ভবন,
|c ২০০৮,
|c ২০১৫
|
| 300 |
|
|
|a ৭৫০ পৃষ্ঠা,
|a ৭৬৭ পৃষ্ঠা ;
|c ২২ সে.মি.
|
| 500 |
|
|
|a Novel
|
| 504 |
|
|
|a জীবনপঞ্জি ও গ্রন্থপঞ্জিগত নির্দেশিকা অন্তভূক্ত।
|
| 526 |
|
|
|a GenEd (Residential Campus)
|
| 541 |
1 |
|
|a Development Book Agency
|e 00025310, 40682, 40683
|
| 610 |
|
0 |
|a Bandyopadhyay, Manik,
|d 1908-1956.
|9 10928
|
| 650 |
|
0 |
|a Bangladesh
|x Fiction
|
| 650 |
|
0 |
|a Bengali Literature.
|
| 700 |
1 |
|
|a মামুদ,হায়াৎ
|9 53425
|
| 700 |
1 |
|
|a বণিক, নন্দিনী
|9 53427
|
| 700 |
1 |
|
|a সৈয়দ,আব্দুল মান্নান
|9 53426
|
| 852 |
1 |
|
|a Ayesha Abed Library
|j General shelf
|
| 942 |
|
|
|2 ddc
|c BK
|
| 999 |
|
|
|c 12358
|d 12358
|
| 952 |
|
|
|0 0
|1 0
|2 ddc
|4 0
|6 891_443710000000000_BAN
|7 0
|9 20436
|a BDI
|b BDI
|d 2012-06-04
|l 0
|o 891.44371 BAN
|p 3050025310
|r 2012-06-05
|t 1
|w 2012-06-05
|y BK
|
| 952 |
|
|
|0 0
|1 0
|2 ddc
|4 0
|6 891_443710000000000_BAN
|7 0
|9 72766
|a SCL
|b SCL
|c GEN
|d 2023-01-05
|e Development Book Agency
|g 425.00
|l 3
|m 10
|o 891.44371 BAN
|p 3020040683
|r 2025-08-01
|s 2025-07-27
|t 3
|v 425.00
|w 2023-01-05
|y BK
|
| 952 |
|
|
|0 0
|1 0
|2 ddc
|4 0
|6 891_443710000000000_BAN
|7 0
|9 72767
|a SCL
|b SCL
|c GEN
|d 2023-01-05
|e Development Book Agency
|g 425.00
|l 0
|o 891.44371 BAN
|p 3020040682
|r 2026-04-28
|t 2
|v 425.00
|w 2023-01-05
|y BK
|